Structure and abrasive wear of composite HSS M2/WC coating; Advances in Tribology; Vol. 2012

Bibliographic Details
Parent link:Advances in Tribology: Scientific Journal
Vol. 2012.— 2012.— [9 p.]
Main Author: Gnyusov S. F. Sergey Fedorovich
Corporate Author: Национальный исследовательский Томский политехнический университет (ТПУ) Институт физики высоких технологий (ИФВТ) Кафедра физики высоких технологий в машиностроении (ФВТМ)
Other Authors: Durakov V. G., Tarasov S. Yu. Sergei Yulievich
Summary:Title screen
Features of phase-structure formation and abrasive wear resistance of composite coatings “WC-M2 steel” worn against tungsten monocarbide have been investigated. It was established that adding 20?wt.% WC to the deposited powder mixture leads to the increase in M6C carbide content. These carbides show a multimodal size distribution consisting of ~5.9??m eutectic carbides along the grain boundaries, ~0.25 m carbides dispersed inside the grains. Also a greater amount of metastable austenite (~88 vol.%) is found. The high abrasive wear resistance of these coatings is provided by - martensitic transformation and multimodal size distribution of reinforcing particles
Режим доступа: по договору с организацией-держателем ресурса
Language:English
Published: 2012
Subjects:
Online Access:http://dx.doi.org/10.1155/2012/502714
Format: MixedMaterials Electronic Book Chapter
KOHA link:https://koha.lib.tpu.ru/cgi-bin/koha/opac-detail.pl?biblionumber=636194

MARC

LEADER 00000nla0a2200000 4500
001 636194
005 20250314145728.0
035 |a (RuTPU)RU\TPU\network\76 
035 |a RU\TPU\network\74 
090 |a 636194 
100 |a 20131014d2012 k||y0rusy50 ba 
101 0 |a eng 
102 |a US 
135 |a drcn ---uucaa 
181 0 |a i  
182 0 |a b 
200 1 |a Structure and abrasive wear of composite HSS M2/WC coating  |f S. F. Gnyusov, V. G. Durakov, S. Yu. Tarasov 
203 |a Text  |c electronic 
300 |a Title screen 
320 |a [Ref.: (14 tit.)] 
330 |a Features of phase-structure formation and abrasive wear resistance of composite coatings “WC-M2 steel” worn against tungsten monocarbide have been investigated. It was established that adding 20?wt.% WC to the deposited powder mixture leads to the increase in M6C carbide content. These carbides show a multimodal size distribution consisting of ~5.9??m eutectic carbides along the grain boundaries, ~0.25 m carbides dispersed inside the grains. Also a greater amount of metastable austenite (~88 vol.%) is found. The high abrasive wear resistance of these coatings is provided by - martensitic transformation and multimodal size distribution of reinforcing particles 
333 |a Режим доступа: по договору с организацией-держателем ресурса 
461 |t Advances in Tribology  |o Scientific Journal  
463 |t Vol. 2012  |v [9 p.]  |d 2012 
610 1 |a электронный ресурс 
610 1 |a труды учёных ТПУ 
700 1 |a Gnyusov  |b S. F.  |c specialist in the field of mechanical engineering  |c Professor of Tomsk Polytechnic University, Doctor of technical sciences  |f 1960-  |g Sergey Fedorovich  |3 (RuTPU)RU\TPU\pers\31403 
701 1 |a Durakov  |b V. G. 
701 1 |a Tarasov  |b S. Yu.  |c specialist in the field of mechanical engineering  |c Professor of Tomsk Polytechnic University, Doctor of technical sciences  |f 1959-  |g Sergei Yulievich  |3 (RuTPU)RU\TPU\pers\31400  |9 15572 
712 0 2 |a Национальный исследовательский Томский политехнический университет (ТПУ)  |b Институт физики высоких технологий (ИФВТ)  |b Кафедра физики высоких технологий в машиностроении (ФВТМ)  |3 (RuTPU)RU\TPU\col\18687 
801 2 |a RU  |b 63413507  |c 20151103  |g RCR 
856 4 |u http://dx.doi.org/10.1155/2012/502714 
942 |c CF